गज़ल बोलती है / (Record no. 119789)

MARC details
000 -LEADER
fixed length control field 00944nam a22002537a 4500
005 - DATE AND TIME OF LATEST TRANSACTION
control field 20170124103148.0
010 ## - LIBRARY OF CONGRESS CONTROL NUMBER
LC control number B-172281
020 ## - INTERNATIONAL STANDARD BOOK NUMBER
International Standard Book Number 8188081353
Terms of availability 100.00
035 ## - SYSTEM CONTROL NUMBER
System control number B-172281
037 ## - SOURCE OF ACQUISITION
Source of stock number/acquisition Cen Lib/Ret
040 ## - CATALOGING SOURCE
Original cataloging agency DPL
Language of cataloging HN
082 ## - DEWEY DECIMAL CLASSIFICATION NUMBER
Classification number 821
Item number वर्माअ
100 ## - MAIN ENTRY--PERSONAL NAME
Personal name वर्मा, अशोक
9 (RLIN) 86872
245 ## - TITLE STATEMENT
Title गज़ल बोलती है /
Statement of responsibility, etc अशोक वर्मा
246 ## - VARYING FORM OF TITLE
Title proper/short title Gazal bolti hai
Remainder of title by Ashok Verma
260 ## - PUBLICATION, DISTRIBUTION, ETC. (IMPRINT)
Place of publication, distribution, etc दिल्ली
Name of publisher, distributor, etc दिशा प्रकाशन
Date of publication, distribution, etc 2005
270 ## - ADDRESS
Address 138/16, त्रि नगर
City दिल्ली
Postal code 110035
300 ## - PHYSICAL DESCRIPTION
Extent 102पृष्ठ.
Dimensions 20सेमी(सजिल्द)
650 ## - SUBJECT ADDED ENTRY--TOPICAL TERM
Topical term or geographic name as entry element हिंदी साहित्य
9 (RLIN) 86873
650 ## - SUBJECT ADDED ENTRY--TOPICAL TERM
Topical term or geographic name as entry element हिंदी गज़ल
9 (RLIN) 86874
650 ## - SUBJECT ADDED ENTRY--TOPICAL TERM
Topical term or geographic name as entry element Hindi Literature
9 (RLIN) 86875
650 ## - SUBJECT ADDED ENTRY--TOPICAL TERM
Topical term or geographic name as entry element Hindi Ghazal
9 (RLIN) 46045
942 ## - ADDED ENTRY ELEMENTS (KOHA)
Source of classification or shelving scheme Dewey Decimal Classification
Koha item type Hindi Books
Classification part 821
Call number suffix वर्माअ
Holdings
Withdrawn status Lost status Damaged status Not for loan Home library Current library Date acquired Source of acquisition Cost, normal purchase price Total Checkouts Total Renewals Full call number Barcode Date last seen Date checked out Copy number Cost, replacement price Price effective from Koha item type
        Central Library Central Library 18/09/2015 Cen Lib/Ret 100.00 4 1 821 वर्माअ B-172281 11/02/2022 31/01/2022 1 100.00 18/09/2015 Hindi Books

© Delhi Public Library
Hit Counter
free hit counter